1253 1886 1078 1023 1128 1399 1771 1412 1191 1861 1906 1126 1676 1538 1314 1147 1702 1812 1279 1447 1503 1093 1545 1983 1717 1132 1693 1730 1933 1391 1703 1815 1571 1184 1460 1257 1477 1237 1856 1758 1063 1195 1149 1125 1192 1328 1054 1299 1768 1476 1114 1191 1084 1613 1649 1513 1262 1467 1634 1493 1109 1721 1965 1790 1503 1961 1999 1209 1580 1022 1194 1940 1243 1867 2000 1703 1182 1273 1444 1879 1328 1565 1991 1409 1596 1800 1968 1246 1147 1087 1473 1256 1215 1802 1591 1607 1519 1245 1946 BCNSPRNW ULIB Ver.6.0+V

เปลี่ยนเป็นภาษาไทย

Change to English
 แสดงรายละเอียดบรรณานุกรม
  กลับหน้าหลัก

Brief Record : Get Marc (ISO 2709) : E-mail record : QR code < ปิดหน้าต่าง
LEADER : 00000nam 2200000uu 4500
001    13399122587
003     ULIB
008    020711s2544 th a 000 0 tha d
020    9742944369
099    วจ.WA20.5^bอ662ก
100    อารีย์ สุขก้อง
110    วิทยาลัยพยาบาลบรมราชชนนี ชลบุรี
245    การพัฒนารูปแบบการฝึกอบรมเชิงปฏบัติการพัฒนานักวิจัยทางการสาธารณสุข วิทยาลัยพยาบาลบรมราชชนนี ชลบุรี/^cอารีย์ สุขก้อง และคณะ
260    ชลบุรี :^bวิทยาลัยพยาบาลบรมราชชนนี ชลบุรี,^c2544
300    154 หน้า
700    สมพร รักความสุข
700    สุภาวดี ด่านธำรงกูล
945    ^p0^l0^i20032
รายการนี้ยังไม่มีแท็ก
คุณยังไม่ได้ล็อกอิน คุณสามารถมีกิจกรรมร่วมกับเว็บไซต์ได้ แต่ต้องล็อกอินก่อน ::
  ล็อกอิน

รายการสื่อสารสนเทศ

ลำดับที่ ประเภท เลขเรียก/บาร์โค้ด สถานที่ สถานะ
1. งานวิจัย
งานวิจัย
วจ.WA20.5 อ662ก ฉ.1 
  Barcode: 20032
ห้องสมุดวิทยาเขตสวรรค์ประชารักษ์
►วิจัย
บนชั้น

BibComment


ยังไม่เคยถูกคอมเมนท์

คอมเมนท์ทรัพยากรรายการนี้
  คอมเมนท์: การพัฒนารูปแบบการ..


 Copyright 2026. Bcnsprnw @Library